Деревянные мосты Томского переселенческого района (проекты)

Opis bibliograficzny
Korporacja: Томский район Дорожно-строительный отдел (570)
Streszczenie:В папке
Текст в русской дореформенной орфографии
Język:rosyjski
Wydane: Томск, [Б. и.], [между 1908 и 1909]
Hasła przedmiotowe:
Format: Książka
KOHA link:https://koha.lib.tpu.ru/cgi-bin/koha/opac-detail.pl?biblionumber=677393

MARC

LEADER 00000nam0a2200000 4500
001 677393
005 20241212163640.0
090 |a 677393 
100 |a 20241212f19081909km|y0rusy50 ca 
101 0 |a rus 
102 |a RU 
105 |a a z 000yy 
181 0 |a b   |b  b  
181 0 |a i   |b  e  
182 0 |a n 
183 0 |a nc  |2 RDAcarrier 
200 1 |a Деревянные мосты Томского переселенческого района (проекты)  |f Дорожно-строительный отдел Томского района 
203 |a Изображение  |a Текст  |b визуальный  |c непосредственный 
210 |a Томск  |c [Б. и.]  |d [между 1908 и 1909] 
215 |a 28 л.  |c черт. 
283 |a sheet  |2 RDAcarrier 
300 |a В папке 
300 |a Текст в русской дореформенной орфографии 
606 1 |a Мосты  |9 63821 
610 1 |a деревянные мосты 
610 1 |a проекты 
610 1 |a чертежи 
610 1 |a ряжевый мост 
610 1 |a деревянные мосты балочного типа 
610 1 |a Томский район 
675 |a 624.21  |v 4 
712 0 2 |4 570  |a Томский район  |b Дорожно-строительный отдел 
801 0 |a RU  |b 63413507  |c 20241212 
830 |a Ретро2024Каталогизация Кузнецова 
850 |a 63413507 
942 |c BK